|
|
|
|
| LEADER |
00000nab a2200000 a 4500 |
| 001 |
vtls000690157 |
| 003 |
SK-MaSNL |
| 005 |
20260304091308.0 |
| 008 |
250425c xo 0 slo |
| 015 |
|
|
|a SNBRB1999/03-07995
|
| 035 |
|
|
|a CLN000042324
|
| 035 |
|
|
|a urn:nbn:sk:snk-abit6
|
| 035 |
|
|
|a (urnnbn)urn:nbn:sk:snk:ar-a04zj1
|
| 035 |
|
|
|a (uuid)69323948-0c52-438c-ab61-c90ad61dbf11
|
| 040 |
|
|
|a SNKBUCL
|b slo
|c SNKBUCL
|e AACR2
|
| 041 |
0 |
|
|a slo
|
| 044 |
|
|
|a xo
|c SK
|
| 080 |
|
|
|a 82:061.7:06.063:885.4
|2 1997
|
| 080 |
|
|
|a 885.4:061.7
|2 1997
|
| 100 |
1 |
|
|a Beňo, Ján,
|d 1933-2020
|4 aut
|9 102772
|
| 245 |
1 |
0 |
|a Rubato '98 a čo je za ním
|c Ján Beňo
|
| 611 |
2 |
7 |
|a Rubato
|n (1. :
|d 1998 :
|c Slovensko)
|2 snkbucl
|9 158920
|
| 650 |
0 |
7 |
|a literárne súťaže
|2 snkbucl
|9 4275
|
| 655 |
|
7 |
|a články z novín a časopisov
|2 snkbucl
|9 267496
|
| 773 |
0 |
|
|t Slovenský jazyk a literatúra v škole
|g Roč. 45, č. 1-2 (1998/1999), s. 49-50
|
| 850 |
|
|
|a Slovenská národná knižnica
|
| 852 |
|
|
|a Slovenská národná knižnica
|
| 954 |
|
|
|a odborná, vedecká literatúra pôvodná (slovenská)
|2 lita
|
| 958 |
|
|
|a article27
|
| 958 |
|
|
|a LX
|
| 958 |
|
|
|a SK
|
| 958 |
|
|
|a OND
|
| 958 |
|
|
|a EUIPO
|
| 999 |
|
|
|c 2814949
|d 2816879
|